000 00430nam a2200181Ia 4500
001 23724
005 20260414150956.0
008 260414t2017||||xx |||||||||||||| ||spa||
041 _aESP
082 _a696.1
_bC83
100 _aCosme Vidal, José Carlos
_eAUT
245 0 _aFontanería para viviendas
_b
260 _c2017
300 _a167 páginas :
_c24 cm.
650 _a0
654 _aCIC
942 _cLIB
_dJUS
_fJUS
_2ddc
_n
999 _c23724
_d23724